000 nam a22 4500
999 _c8914
_d8914
008 180317b ||||| |||| 00| 0 eng d
245 _aBPI Sinag creates new entrepreneurs categories for students.
260 _aPhilippines
_bManila Bulletin
_cc2016
300 _apage C-3.
650 0 _926921
_aEntrepreneurship.
942 _2ddc
_cPER